000 00874nam a2200313 a 4500
001 0000428
003 DO-SdBPM
005 20250812120137.0
007 ta
008 091125s2006 ch a 000 0 spa d
020 _a 1594120250
040 _aDO-SdBPM
_bspa
_cBPMSU
_erda
082 4 _a736.982
_bM235o 2006
_222
100 1 _aMakiko, Ikeda
245 1 0 _a Origami /
_c Makiko Ikeda
260 _a
_b
_c
264 _aNew Youk :
_bMud Puddle Books,
_c2006
300 _a64 páginas :
_bilustraciones ;
_c22 cm.
_e
336 _atexto
_btxt
_2rdacontent
337 _asin mediación
_bn
_2rdamedia
338 _avolumen
_bnc
_2rdacarrier
500 _a
590 _aInventariado, 2025/VM
650 7 _aOrigami
_x
650 7 _aOrigami
_xTécnicas
650 7 _aTrabajos manuales (Educación)
910 _a VMateo V. Control de calidad. BPMSU
942 _2ddc
_cBK
999 _c15319
_d15319